00563nam a2200181 a 45000010010000000030011000100080041000210350026000620820016000881000023001042450038001272600052001656500026002179420012002439520091002559980020003469990015003660000-8632ELIB.Books110520 2002  a(ELIB.Books)0000-8778 a242.2 bPon aPongracz, Lynda E. aThe Wonder Devotional ( Book-II ) bU.S.A.: Child Evangelism Fellowship Inc. c2002 aDevotional Literature 2ddccBK 00102ddc4070aKBTSbKBTSd2011-05-20l0p10471r2022-01-22 00:00:00w2022-01-22yBK cbate2011-05-20 c8632d8632